000
00335nam a2200133Ia 4500
003
PILC
008
220421s2006 xx 000 0 und d
040
_c
EARIST LIBRARY
100
_a
Bolves ,Pas M. Et al
_9
982
245
0
_a
Panitikan ng lahi (Pangkoleheyo) /
260
_a
Manila,
_b
Rex :
_c
2006.
999
_c
2356
_d
2356
942
_2
ddc
_c
BK